| 000 -LEADER |
| fixed length control field |
02450cam a2200457 a 4500 |
| 001 - CONTROL NUMBER |
| control field |
16908809 |
| 005 - DATE AND TIME OF LATEST TRANSACTION |
| control field |
20170207143643.0 |
| 008 - FIXED-LENGTH DATA ELEMENTS--GENERAL INFORMATION |
| fixed length control field |
110808s2010 enka bc 000 0 eng |
| 010 ## - LIBRARY OF CONGRESS CONTROL NUMBER |
| LC control number |
2011377050 |
| 020 ## - INTERNATIONAL STANDARD BOOK NUMBER |
| International Standard Book Number |
9780900785771 (cased) |
| 020 ## - INTERNATIONAL STANDARD BOOK NUMBER |
| International Standard Book Number |
0900785772 (hbk.) |
| 020 ## - INTERNATIONAL STANDARD BOOK NUMBER |
| International Standard Book Number |
9780900785887 (pbk,) |
| 020 ## - INTERNATIONAL STANDARD BOOK NUMBER |
| International Standard Book Number |
0900785888 (pbk.) |
| 035 ## - SYSTEM CONTROL NUMBER |
| System control number |
(OCoLC)499078486 |
| 042 ## - AUTHENTICATION CODE |
| Authentication code |
pcc |
| 050 00 - LIBRARY OF CONGRESS CALL NUMBER |
| Classification number |
NK7903 .M37W37 2010 |
| 100 1# - MAIN ENTRY--PERSONAL NAME |
| Personal name |
Warren, Jeremy. |
| 245 10 - TITLE STATEMENT |
| Title |
Beauty & power : |
| Remainder of title |
Renaissance and Baroque bronzes from the Peter Marino Collection / |
| Statement of responsibility, etc. |
Jeremy Warren ; with contributions from Francesca G. Bewer, Leda Cosentino, and Richard Dorment. |
| 246 3# - VARYING FORM OF TITLE |
| Title proper/short title |
Beauty and power : |
| Remainder of title |
Renaissance and Baroque bronzes from the Peter Marino Collection |
| 260 ## - PUBLICATION, DISTRIBUTION, ETC. (IMPRINT) |
| Place of publication, distribution, etc. |
London : |
| Name of publisher, distributor, etc. |
Wallace Collection : |
| -- |
Produced and distributed for the Wallace Collection by Paul Holberton Pub., |
| Date of publication, distribution, etc. |
[2010?] |
| 300 ## - PHYSICAL DESCRIPTION |
| Extent |
287 p. : |
| Other physical details |
ill. (some ill.) ; |
| Dimensions |
29 cm. |
| 490 0# - SERIES STATEMENT |
| Series statement |
Catalog of the Peter Marino Collection ; |
| Volume/sequential designation |
v. 1 |
| 500 ## - GENERAL NOTE |
| General note |
Catalog of an exhibition held at the Wallace Collection, London, Apr. 29-July 25, 2010, the Huntington Art Collections, San Marino, Oct. 7, 2010-Jan. 9, 2011 and the Minneapolis Institute of Arts, Feb. 6-May 15, 2011. |
| 504 ## - BIBLIOGRAPHY, ETC. NOTE |
| Bibliography, etc |
Includes bibliographical references (274-282). |
| 505 0# - FORMATTED CONTENTS NOTE |
| Formatted contents note |
Peter Marino -- Meeting Mr. Marino / Richard Dorment -- Florence, Paris, Rome : cultural crossing points / Jeremy Warren -- Catalogue / Jeremy Warren -- Technical notes / Francesca G. Bewer -- Artists' biographies / Leda Cosentino. |
| 600 10 - SUBJECT ADDED ENTRY--PERSONAL NAME |
| Personal name |
Marino, Peter, |
| Dates associated with a name |
1949- |
| General subdivision |
Art collections |
| Form subdivision |
Exhibitions. |
| 650 #0 - SUBJECT ADDED ENTRY--TOPICAL TERM |
| Topical term or geographic name as entry element |
Bronzes, Baroque |
| Form subdivision |
Exhibitions. |
| 650 #0 - SUBJECT ADDED ENTRY--TOPICAL TERM |
| Topical term or geographic name as entry element |
Bronzes, Renaissance |
| Form subdivision |
Exhibitions. |
| 650 #0 - SUBJECT ADDED ENTRY--TOPICAL TERM |
| Topical term or geographic name as entry element |
Bronzes |
| General subdivision |
Private collections |
| Geographic subdivision |
United States |
| Form subdivision |
Exhibitions. |
| 700 1# - ADDED ENTRY--PERSONAL NAME |
| Personal name |
Bewer, Francesca G. |
| Fuller form of name |
(Francesca Gabrielle), |
| Dates associated with a name |
1960- |
| 700 1# - ADDED ENTRY--PERSONAL NAME |
| Personal name |
Cosentino, Leda. |
| 700 1# - ADDED ENTRY--PERSONAL NAME |
| Personal name |
Dorment, Richard. |
| 710 2# - ADDED ENTRY--CORPORATE NAME |
| Corporate name or jurisdiction name as entry element |
Wallace Collection (London, England) |
| 710 2# - ADDED ENTRY--CORPORATE NAME |
| Corporate name or jurisdiction name as entry element |
Henry E. Huntington Library and Art Gallery. |
| 710 2# - ADDED ENTRY--CORPORATE NAME |
| Corporate name or jurisdiction name as entry element |
Minneapolis Institute of Arts. |
| 942 ## - ADDED ENTRY ELEMENTS (KOHA) |
| Source of classification or shelving scheme |
|
| Koha item type |
Hard Covered Materials |